|
|
|
|
| LEADER |
00000naa2a2200000 4500 |
| 001 |
112711 |
| 005 |
20231031121529.0 |
| 035 |
|
|
|a (RuTPU)RU\TPU\book\121869
|
| 090 |
|
|
|a 112711
|
| 100 |
|
|
|a 20070402d2003 k y0rusy50 ca
|
| 101 |
0 |
|
|a rus
|
| 102 |
|
|
|a RU
|
| 200 |
1 |
|
|a Оценка нефтегазоносности осадочных бассейнов Дальневосточного региона по геофизическим данным
|f В. И. Старостенко, В. И. Исаев
|
| 320 |
|
|
|a Библиогр.: 13 назв.
|
| 461 |
|
1 |
|0 (RuTPU)RU\TPU\book\64351
|t Геофизические методы при разведке недр и экологических исследованиях
|o Материалы Всероссийской научно-технической конференции, посвященной 100-летию со дня рождения Д. С. Микова - основателя Сибирской школы геофизиков, Томск, 19-21 ноября 2003 г.
|f Томский политехнический университет; Институт геологии и нефтегазового дела. Кафедра геофизики
|d 2003-
|
| 463 |
|
0 |
|0 (RuTPU)RU\TPU\book\64058
|y 5-98298-034-X
|t Вып. 2
|v С. 157-163
|d 2003
|p 303 с.
|
| 610 |
1 |
|
|a Дальневосточный регион
|
| 610 |
1 |
|
|a нефтегазоносность
|
| 610 |
1 |
|
|a осадочные бассейны
|
| 610 |
1 |
|
|a оценка
|
| 610 |
1 |
|
|a регионально-зональная оценка
|
| 610 |
1 |
|
|a прогнозирование
|
| 610 |
1 |
|
|a цифровое картирование
|
| 610 |
1 |
|
|a геофизические данные
|
| 610 |
1 |
|
|a труды учёных ТПУ
|
| 610 |
1 |
|
|a методика
|
| 700 |
|
1 |
|a Старостенко
|b В. И.
|
| 701 |
|
1 |
|a Исаев
|b В. И.
|c геолог
|c профессор Томского политехнического университета, доктор геолого-минералогических наук
|f 1952-
|g Валерий Иванович
|2 stltpush
|3 (RuTPU)RU\TPU\pers\24786
|
| 801 |
|
1 |
|a RU
|b 63413507
|c 20070402
|g PSBO
|
| 801 |
|
2 |
|a RU
|b 63413507
|c 20150907
|g PSBO
|
| 942 |
|
|
|c BK
|